Libro del muy esforzado caballero Palmerín de Inglaterra hijo del rey don Duardos: y de sus grandes proezas: y de Florián del Desierto su hermano: con algunas del príncipe Florendos hijo de Primaleón [Libro Primero]. (Record no. 92243)

MARC details
000 -LEADER
campo de control de longitud fija 00840nam a2200205 i 4500
001 - NÚMERO DE CONTROL
campo de control 92243
003 - IDENTIFICADOR DE NÚMERO DE CONTROL
campo de control ES-MaACL
005 - FECHA Y HORA DE LA ÚLTIMA TRANSACCIÓN
campo de control 20250824214705.0
007 - CAMPO FIJO DE DESCRIPCIÓN FÍSICA--INFORMACIÓN GENERAL
campo de control de longitud fija t|
008 - DATOS DE LONGITUD FIJA--INFORMACIÓN GENERAL
campo de control de longitud fija 050223s1979 sp ||||1| spa d
245 00 - MENCIÓN DEL TÍTULO
Título Libro del muy esforzado caballero Palmerín de Inglaterra hijo del rey don Duardos: y de sus grandes proezas: y de Florián del Desierto su hermano: con algunas del príncipe Florendos hijo de Primaleón [Libro Primero].
260 ## - PUBLICACIÓN, DISTRIBUCIÓN, ETC.
Lugar de publicación, distribución, etc. [Madrid] :
Nombre del editor, distribuidor, etc. [Miraguano],
Fecha de publicación, distribución, etc. 1979.
300 ## - DESCRIPCIÓN FÍSICA
Extensión 408 p. ;
Dimensiones 19 cm.
490 1# - MENCIÓN DE SERIE
Mención de serie Libros de los malos tiempos ;
Designación de volumen o secuencia 2
500 ## - NOTA GENERAL
Nota general Folleto La Palma de Inglaterra (sic) por Luis Alberto de Cuenca.
700 1# - ENTRADA AGREGADA--NOMBRE PERSONAL
Nombre de persona Cuenca, Luis Alberto de,
Fechas asociadas al nombre 1950-
9 (RLIN) 240908
830 00 - PUNTO DE ACCESO ADICIONAL DE SERIE-TÍTULO UNIFORME
Título uniforme Libros de los malos tiempos
Designación de volumen o secuencia 2
9 (RLIN) 178824
852 ## - LOCALIZACIÓN
Ubicación ES-MaACL
Número de control de estantería L-7920
Sublocalización o colección R.107614
Holdings
Estatus retirado Estado de pérdida Estado de daño No para préstamo Biblioteca de origen Biblioteca actual Ubicación en estantería Fecha de adquisición Fuente de adquisición Total de préstamos Signatura topográfica completa Código de barras Visto por última vez Precio de reemplazo Tipo de ítem Koha
        Biblioteca del Ateneo de Madrid Biblioteca del Ateneo de Madrid Depósito 2 17/01/2008     L-7920 1096303 23/02/2023 23/02/2023 Libro impreso